|
|
|
|
| LEADER |
00000nam a2200000 a 4500 |
| 001 |
vtls008227746 |
| 003 |
SK-MaSNL |
| 005 |
20260311141434.0 |
| 008 |
240318s1989 xr 0 cze |
| 035 |
|
|
|a SVKPOKN039225
|
| 040 |
|
|
|a SNK
|b slo
|c SNK
|e AACR2
|
| 041 |
0 |
|
|a cze
|h cze
|
| 100 |
1 |
|
|a Kohárová, Marta,
|d 1942-
|4 aut
|9 64480
|
| 245 |
1 |
0 |
|a Praktikum z dějin ČSSR 1848-1918
|b Úlohy a dokumenty
|c Marta Kohárová, Karel Štefek
|
| 250 |
|
|
|a 1. vyd.
|
| 260 |
|
|
|a Hradec Králové
|b Pedagogická fakulta
|c 1989
|
| 300 |
|
|
|a 173 s.
|c 29 cm
|
| 650 |
0 |
7 |
|a dejiny
|2 SNKPH
|9 3825
|
| 651 |
|
7 |
|a Československo
|2 SNKPH
|9 21376
|
| 655 |
|
7 |
|a učebnice vysokých škôl
|2 SNKPH
|9 70191
|
| 700 |
1 |
|
|a Štefek, Karel
|4 aut
|9 642109
|
| 958 |
|
|
|a OND
|
| 999 |
|
|
|c 992004
|d 993934
|
| 952 |
|
|
|a SNK
|b SNK
|y PREZ
|7 0
|p 17A0860701
|o snkSB 46424
|i snkKIP 7008/90
|0 0
|1 0
|4 0
|d 2012-11-23
|l 0
|r 2025-01-31 00:00:00
|w 2026-02-24
|